01262nam a2200241 i 4500001000700000003000900007005001700016008004100033040002000074100003400094245015000128260004300278300002000321490012500341594005200466596007000518700002900588700003200617830013300649852009700782999001900879952012200898155585ES-MaACL20230906210131.0040723q18801910fr |||| | fre d aCAM bspa cCAM1 aHoracio Flaco, Quinto.96418210aOdes et épodes / cHorace; [cet ouvrage a été expliqué littéralment par E. Sommer; traduit en français et annoté par A. Desportes]. aParis : bLibrairie Hachette, c[s.a.] a2 v. ; c19 cm.1 aLes autheurs latins expliques par deux traductions françaises ... /par une société de professeurs et de latinistes aMención de resp. tomada de verso de la antep. aProbablemente impreso a finales del siglo XIX o comienzos del XX.0 aSommer, Edouard.91072691 aDesportes, Auguste.91267740 aLes autheurs latins expliques par deux traductions françaises ... /par une société de professeurs et de latinistes9221579 aES-MaACLjE-3712 z-- Enc. hol. q-- Sólo t.I (Premier et deuxieme libre des Odes, 206 p.) c155585d155585 00104070aATENEOMbATENEOMcDEPO2d2008-01-17eSSCl0oE-3712p1162744r2023-02-23 00:00:00w2023-02-23yMONOGRAFIA